000 00432nam a2200157Ia 4500
003 GCL
008 140319s9999 xx 000 0 eng d
040 _aGCL /
_cGCL
082 0 4 _a616.71
_bN M
100 1 _aNORDIN B .E.C
245 1 0 _aMETABOLIS BONE AND STONE DISESE /
_cNORDIN B .E.C
260 _a[S.N] :
_bCHURCHILL LIVINGSTONE ،
_c1993
300 _a481 P
650 0 4 _aBONE DISEASE IN INFANCY & CHILLHOOD
942 _2ddc
_cBK
999 _c17028
_d17028